|
|
|
|
| LEADER |
01887cas a2200241 a 4500 |
| 001 |
AALejournalIMF006929 |
| 008 |
230101c9999 xx r poo 0 0eng d |
| 020 |
|
|
|c 5.00 USD
|
| 020 |
|
|
|z 9781455212835
|
| 022 |
|
|
|a 1934-7685
|
| 040 |
|
|
|a BD-DhAAL
|c BD-DhAAL
|
| 110 |
2 |
|
|a International Monetary Fund.
|
| 245 |
1 |
0 |
|a Senegal :
|b Sixth Review Under the Policy Support Instrument, Request for a Three-Year Policy Support Instrument and Cancellation of Current Policy Support Instrument-Staff Report; Debt Sustainability Analysis; Press Release; Executive Director Statement.
|
| 264 |
|
1 |
|a Washington, D.C. :
|b International Monetary Fund,
|c 2010.
|
| 300 |
|
|
|a 1 online resource (98 pages)
|
| 490 |
1 |
|
|a IMF Staff Country Reports
|
| 500 |
|
|
|a <strong>Off-Campus Access:</strong> No User ID or Password Required
|
| 500 |
|
|
|a <strong>On-Campus Access:</strong> No User ID or Password Required
|
| 506 |
|
|
|a Electronic access restricted to authorized BRAC University faculty, staff and students
|
| 520 |
3 |
|
|a The economy has started to recover from a slowdown associated with the global financial crisis. Senegal has made significant progress under a three-year Policy Support Instrument (PSI), but challenges remain. Increasing growth and reducing vulnerabilities and poverty require broad-based reforms. Higher revenues and better spending quality are essential to creating more fiscal space for priority spending, including infrastructure spending. To help address growth bottlenecks, higher infrastructure investment will temporarily raise fiscal deficits. The contributions of the financial sector and the energy sector to growth should be enhanced.
|
| 538 |
|
|
|a Mode of access: Internet
|
| 830 |
|
0 |
|a IMF Staff Country Reports; Country Report ;
|v No. 2010/362
|
| 856 |
4 |
0 |
|z Full text available on IMF
|u http://elibrary.imf.org/view/journals/002/2010/362/002.2010.issue-362-en.xml
|z IMF e-Library
|